[Event "AUTO-OPEN-4347"]
[Site "http://www.queenalice.com/game.php?id=1802944"]
[Date "2022.12.30"]
[Round "2"]
[White "CCapivara"]
[Black "Nigel68"]
[Result "1-0"]
[WhiteElo "2254"]
[BlackElo "1858"]

1. e4 e5 2. Nf3 Nf6 3. Nxe5 Nxe4 4. Qe2 d5 5. d3 Bd6 6. dxe4 Bxe5 7. exd5 Qxd5
8. f4 Qa5+ 9. Bd2 Qb6 10. Qxe5+ Qe6 11. Bc3 f6 12. Qxe6+ Bxe6 13. Nd2 Nc6 14.
Bb5 Bd7 15. O-O-O O-O-O 16. Ne4 a6 17. Ba4 b5 18. Bb3 b4 19. Be1 a5 20. Nc5 Rhe8
21. Ba4 Nb8 22. Nxd7 Nxd7 23. c3 Re4 24. cxb4 Rxf4 25. Bxd7+ Rxd7 26. Rxd7 Kxd7
27. bxa5 Kc8 28. b4 Kb7 29. Kb2 Ka6 30. a4 c6 31. Kb3 g5 32. Bc3 Rf2 33. Kc4 Rc2
34. b5+ Kb7 35. g4 h6 36. h4 Rg2 37. a6+ Ka8 38. hxg5 Rxg4+ 39. Kc5 cxb5 40.
axb5 Rxg5+ 41. Kc6 Rg6 42. Rd1 f5+ 43. Rd6 Rg8 44. b6 Rc8+ 45. Kb5 Re8 46. Rd7
Re5+ 47. Bxe5 1-0

[Event "AUTO-OPEN-4347"]
[Site "http://www.queenalice.com/game.php?id=1802945"]
[Date "2022.12.30"]
[Round "2"]
[White "Nigel68"]
[Black "CCapivara"]
[Result "0-1"]
[WhiteElo "1862"]
[BlackElo "2223"]

1. e4 d6 2. Bb5+ c6 3. Ba4 Nf6 4. Nc3 e5 5. h3 Be7 6. Nf3 O-O 7. d3 a5 8. a3 h6
9. Be3 d5 10. Nxe5 d4 11. Qd2 dxe3 12. Qxe3 Nbd7 13. Nf3 Nc5 14. O-O b5 15. Bb3
Nxb3 16. cxb3 Be6 17. e5 Nd5 18. Qe4 Rc8 19. Nd2 Qd7 20. g4 Nxc3 21. bxc3 Bd5
22. Qe3 f5 23. c4 Be6 24. f3 fxg4 25. fxg4 Bg5 26. Qe2 Qd4+ 27. Kh1 Bxd2 28.
Rxf8+ Rxf8 0-1

[Event "AUTO-OPEN-4347"]
[Site "http://www.queenalice.com/game.php?id=1802952"]
[Date "2022.12.30"]
[Round "2"]
[White "Holanda76"]
[Black "Nigel68"]
[Result "1-0"]
[WhiteElo "2454"]
[BlackElo "1860"]

1. e4 e5 2. Nf3 Nc6 3. Bb5 Nd4 4. Nxd4 exd4 5. O-O Bc5 6. Bc4 d6 7. d3 Nf6 8.
Bg5 h6 9. Bh4 O-O 10. f4 Bg4 11. Bxf6 Qd7 12. Qe1 gxf6 13. f5 Kh7 14. Qh4 Rg8
15. h3 Be2 16. Rf2 Bd1 17. Bb3 Qe7 18. Nd2 d5 19. Rxd1 dxe4 20. Nxe4 Rg7 21.
Nxf6+ Kh8 22. Qxh6+ 1-0

[Event "AUTO-OPEN-4347"]
[Site "http://www.queenalice.com/game.php?id=1802953"]
[Date "2022.12.30"]
[Round "2"]
[White "Nigel68"]
[Black "Holanda76"]
[Result "0-1"]
[WhiteElo "1842"]
[BlackElo "2477"]

1. e4 c5 2. Bc4 e6 3. Nc3 Nf6 4. d3 Nc6 5. Nf3 a6 6. d4 d5 7. exd5 exd5 8. Be2
h6 9. Be3 c4 10. O-O Bd6 11. h3 O-O 12. Qd2 b5 13. b3 Bb4 14. a3 Ne4 15. axb4
Nxd2 16. Nxd2 Nxb4 17. Rfc1 Bf5 18. Bd1 Re8 19. bxc4 dxc4 20. Rab1 Qd6 21. Rb2
Nc6 22. Bf3 Qa3 23. Rcb1 Qxc3 24. Bxc6 Bxc2 25. Ne4 Bxe4 26. Bxe8 Rxe8 27. Bd2
Qxd4 28. Be3 Qf6 29. Kh1 Qf5 30. Ra1 Qxh3+ 0-1

[Event "AUTO-OPEN-4347"]
[Site "http://www.queenalice.com/game.php?id=1802956"]
[Date "2022.12.30"]
[Round "2"]
[White "Kapablanca"]
[Black "Nigel68"]
[Result "1-0"]
[WhiteElo "2089"]
[BlackElo "1833"]

1. e4 e5 2. Nf3 Nc6 3. Bb5 Nd4 4. Nxd4 exd4 5. d3 a6 6. Ba4 b5 7. Bb3 Nf6 8. O-O
d6 9. Nd2 c5 10. a4 b4 11. f4 Ng4 12. Nf3 Be7 13. h3 Nf6 14. f5 Nh5 15. Bxf7+
Kxf7 16. Ng5+ Bxg5 17. Qxh5+ Kg8 18. Bxg5 Qd7 19. f6 g6 20. Qh6 Qf7 21. Rae1 Ra7
22. e5 Bf5 23. g4 Be6 24. exd6 Rd7 25. Re5 Rxd6 26. Rfe1 Qf8 27. Rxe6 Qxh6 28.
Bxh6 Rxe6 29. Rxe6 Kf7 30. Rxa6 Re8 31. Kf2 Rc8 32. b3 Rc7 33. Bf4 Rc8 34. g5
Re8 35. Rc6 h6 36. h4 hxg5 37. hxg5 1-0

[Event "AUTO-OPEN-4347"]
[Site "http://www.queenalice.com/game.php?id=1802957"]
[Date "2022.12.30"]
[Round "2"]
[White "Nigel68"]
[Black "Kapablanca"]
[Result "0-1"]
[WhiteElo "1840"]
[BlackElo "2062"]

1. e4 e6 2. d4 d5 3. Bd3 dxe4 4. Bxe4 Nf6 5. Nc3 Nbd7 6. Nf3 Bb4 7. Qd3 h6 8.
O-O Bxc3 9. bxc3 Nxe4 10. Qxe4 O-O 11. Qg4 Kh8 12. Bf4 Nf6 13. Qg3 Nh5 14. Qh4
Qxh4 15. Nxh4 Nxf4 16. c4 Ne2+ 17. Kh1 Nxd4 18. Rac1 b6 19. Rfd1 c5 20. c3 Ne2
21. Rc2 Nf4 22. Nf3 Bb7 23. Ne1 Rfd8 24. Rdc1 Rd7 25. h3 Rad8 26. Kh2 Rd2 27. f3
Ne2 28. Rb1 Rxc2 29. Nxc2 Rd2 30. Rb2 Nxc3 31. a3 Nd1 32. Ra2 Ne3 33. Nb4 Rxa2
34. Nxa2 Nxc4 35. a4 a5 36. Nc3 Bc6 0-1

[Event "Challenge"]
[Site "http://www.queenalice.com/game.php?id=1802968"]
[Date "2022.12.30"]
[Round "-"]
[White "Nigel68"]
[Black "jorm"]
[Result "0-1"]
[WhiteElo "1858"]
[BlackElo "1866"]

1. e4 e5 2. Nf3 Nc6 3. d4 exd4 4. Nxd4 Nge7 5. Be3 d6 6. Bd3 Nxd4 7. Bxd4 a6 8.
c4 c5 9. Be3 Nc6 10. Nc3 Ne5 11. Qc2 g6 12. O-O-O Bg7 13. f4 Ng4 14. Bd2 Nf2 15.
Be3 Nxh1 16. Rxh1 b6 17. f5 g5 18. Nd5 O-O 19. Rd1 Be5 20. Qd2 f6 21. g4 h6 22.
h3 Bb7 23. Rh1 Bxd5 24. exd5 Qd7 25. b3 a5 26. h4 a4 27. Bc2 b5 28. a3 axb3 29.
Bxb3 Rxa3 30. Kc2 bxc4 0-1

[Event "Challenge"]
[Site "http://www.queenalice.com/game.php?id=1809061"]
[Date "2023.4.1"]
[Round "-"]
[White "Erlofabr"]
[Black "Nigel68"]
[Result "1-0"]
[WhiteElo "1695"]
[BlackElo "1792"]

1. f4 d6 2. Nf3 Nc6 3. c4 Nf6 4. h3 g6 5. Qb3 Bg7 6. Ng5 h6 7. Nf3 b6 8. d4 Bb7
9. g4 Qd7 10. d5 Na5 11. Qb4 Ne4 12. c5 Nxc5 13. e4 e6 14. Bb5 c6 15. Bc4 exd5
16. exd5 cxd5 17. Bb5 Bc6 18. Be2 O-O 19. g5 h5 20. Nbd2 Rae8 21. Nd4 Rxe2+ 22.
Nxe2 Nd3+ 23. Kd1 Nxb4 24. Ng3 d4 25. a3 Nd3 26. b4 Nf2+ 27. Kc2 d3+ 28. Kb1
Nxh1 29. Bb2 Nxg3 30. Bxg7 1-0

[Event "Challenge"]
[Site "http://www.queenalice.com/game.php?id=1809066"]
[Date "2023.4.1"]
[Round "-"]
[White "OnlyJoking"]
[Black "Nigel68"]
[Result "1-0"]
[WhiteElo "1742"]
[BlackElo "1811"]

1. d4 d5 2. Nf3 h6 3. c4 c6 4. Nc3 dxc4 5. Bf4 b5 6. e4 e6 7. Be2 Na6 8. O-O f6
9. e5 g5 10. Be3 f5 11. Bc1 g4 12. Ne1 h5 13. Bf4 h4 14. f3 Bh6 15. Bxh6 Nxh6
16. fxg4 Qg5 17. Kh1 Nxg4 18. Bxg4 fxg4 19. Ne4 Qg7 20. Nd6+ Kd8 21. Nf7+ Kc7
22. Nxh8 Qxh8 23. Qxg4 Bd7 24. Rf7 Rg8 25. Qxe6 Nb8 26. Qd6+ Kc8 27. e6 Rd8 28.
e7 Re8 29. Rf8 1-0

[Event "AUTO-ADV-4627"]
[Site "http://www.queenalice.com/game.php?id=1813120"]
[Date "2023.6.4"]
[Round "2"]
[White "marcoswerneck"]
[Black "Nigel68"]
[Result "0-1"]
[WhiteElo "1813"]
[BlackElo "1732"]

1. e4 e5 2. d3 h6 3. Nf3 d6 4. Be3 Nc6 5. a3 Nf6 6. Be2 Be6 7. Qd2 Qd7 8. Nc3
Be7 9. d4 exd4 10. Nxd4 a6 11. Nxc6 Qxc6 12. Bf3 Bg4 13. Bd4 Bxf3 14. gxf3 O-O-O
15. O-O-O b6 16. Qd3 Qb7 17. Rhg1 g5 18. Nd5 Nxd5 19. exd5 Rhg8 20. Qf5+ Kb8 21.
Qxf7 Rde8 22. f4 Rgf8 23. Qg6 gxf4 24. f3 Bg5 25. Qd3 Re7 26. Rh1 Bh4 27. Rhg1
Qxd5 28. Bg7 Qxd3 29. Rxd3 Rg8 30. Rdd1 Rgxg7 31. Rgf1 a5 32. Kb1 Re6 33. Rd4
Bg5 34. a4 Rge7 35. Rdd1 Bh4 36. c3 Re1 37. Kc2 d5 38. b4 Ka7 39. bxa5 bxa5 40.
Rc1 R1e2+ 41. Kb1 Rxh2 42. c4 d4 43. c5 c6 44. Rh1 Rxh1 45. Rxh1 Bg5 46. Kc1 Re3
47. Kd1 Rxf3 0-1

[Event "AUTO-ADV-4627"]
[Site "http://www.queenalice.com/game.php?id=1813121"]
[Date "2023.6.4"]
[Round "2"]
[White "Nigel68"]
[Black "marcoswerneck"]
[Result "0-1"]
[WhiteElo "1747"]
[BlackElo "1783"]

1. e4 e5 2. Nf3 d6 3. Nc3 a6 4. d4 Nc6 5. d5 Nd4 6. Nxd4 exd4 7. Qxd4 Qf6 8. Be3
h6 9. Qc4 Qd8 10. O-O-O Nf6 11. Bd3 Be7 12. f3 Bd7 13. Qb3 b5 14. Qa3 c5 15.
dxc6 Bxc6 16. Qb4 O-O 17. g4 Nd7 18. Bd4 Bg5+ 19. Kb1 Bf4 20. Ne2 Bg5 21. Qxd6
Bb7 22. f4 Be7 23. Bb6 Nxb6 24. Qe5 Bf6 25. Qh5 Na4 26. Bxb5 Qa5 27. Bxa4 Qxa4
28. Qf5 Bxe4 29. b3 Qa3 30. Nd4 Bxf5 31. gxf5 Bxd4 32. Rxd4 a5 33. Ra4 Qc5 34.
f6 g6 35. h4 h5 36. Re1 Qf5 37. Re5 Qxf6 38. Rg5 Rfe8 39. Re5 Rxe5 40. fxe5 Qxe5
41. Rc4 Rd8 0-1

[Event "AUTO-ADV-4627"]
[Site "http://www.queenalice.com/game.php?id=1813124"]
[Date "2023.6.4"]
[Round "2"]
[White "Nigel68"]
[Black "maurice916"]
[Result "0-1"]
[WhiteElo "1771"]
[BlackElo "1807"]

1. e4 c6 2. d4 d5 3. e5 Bf5 4. Bd3 Bxd3 5. Qxd3 e6 6. Nf3 Nd7 7. O-O c5 8. b3
cxd4 9. Qxd4 Bc5 10. Qg4 Bf8 11. Ba3 Nh6 12. Qg3 Nf5 13. Qg4 Bxa3 14. Nxa3 Qe7
15. Nb5 O-O 16. c4 dxc4 17. Qxc4 Rac8 18. Qa4 a6 19. Na7 Ra8 20. Rad1 Rfd8 21.
g4 Nh6 22. Qd4 Nxg4 23. Qxg4 Rxa7 24. Rc1 Nf8 25. Rfe1 b5 26. b4 h6 27. a3 a5
28. Kh1 axb4 29. axb4 Rc7 30. Rb1 Rc4 31. Qg3 Rxb4 32. Rbc1 Ng6 33. Rc3 Qb7 34.
Rec1 Qe4 35. Re3 Qg4 36. Ree1 Qxg3 37. fxg3 Rb2 38. Rc3 b4 39. Rce3 b3 40. Ng1
Rdd2 41. Ne2 Ne7 42. Kg2 Nd5 43. Re4 Rbc2 44. Kf3 Nc3 45. Nc1 Nxe4 0-1

[Event "AUTO-ADV-4627"]
[Site "http://www.queenalice.com/game.php?id=1813125"]
[Date "2023.6.4"]
[Round "2"]
[White "maurice916"]
[Black "Nigel68"]
[Result "0-1"]
[WhiteElo "1745"]
[BlackElo "1772"]

1. c4 Na6 2. Nf3 d6 3. b3 g6 4. Bb2 e5 5. e3 Bg7 6. Be2 Be6 7. O-O Qe7 8. d4
O-O-O 9. Qc2 f5 10. dxe5 dxe5 11. Bxe5 Nb4 12. Qb2 Nf6 13. Na3 Rhg8 14. Nb5 Kb8
15. Bxc7+ Ka8 16. Bxd8 Qxd8 17. Qd4 Qb8 18. Qc5 Nc6 19. Qd6 Qc8 20. Nc7+ Kb8 21.
Nxe6+ Ka8 22. Nxg7 Nd7 23. Ne6 a6 0-1